| 000 | 01419nam a2200349 a 4500 | ||
|---|---|---|---|
| 001 | 000113094 | ||
| 003 | CHAP | ||
| 005 | 20220329144338.0 | ||
| 008 | 170420s2016 mx sm |||||||spa d | ||
| 010 | _a109555 | ||
| 011 | _a110527 | ||
| 040 | _cCHAP | ||
| 090 | _aTesis | ||
| 100 | 1 |
_aMejía Núñez, Denisse Analy _9131948 |
|
| 245 | 1 | 0 |
_aContaminantes microbiológicos y metales pesados en el cultivo de maíz forrajero (Zea mays L.) irrigado con aguas tratadas _h[En línea] _cpor Denisse Analy Mejía Núñez. |
| 260 |
_aDurango, Méx. : _bEl autor, _c2016. |
||
| 500 | _aPara ver el contenido del material haga clic en la liga | ||
| 502 | _aTesis (M.C. en Recursos Naturales y Medio Ambiente en Zonas Áridas) -- UACH. Unidad Regional Universitaria de Zonas Áridas | ||
| 590 |
_aBATCH-UPD _b05 _c20170420 _lUCH01 _h1206 |
||
| 590 |
_aE11695DGD _b10 _c20170425 _lUCH01 _h1522 |
||
| 590 |
_aE5765TAJ _b05 _c20170420 _lUCH01 _h1106 |
||
| 590 |
_aE5765TAJ _b05 _c20170420 _lUCH01 _h1106 |
||
| 590 |
_aE5765TAJ _b05 _c20170420 _lUCH01 _h1206 |
||
| 650 | 1 | 4 |
_aAguas residuales para irrigación. _92591 |
| 650 | 1 | 4 |
_aContaminantes orgánicos del agua. _9131961 |
| 650 | 1 | 4 |
_aMaíz como forraje _xIrrigación. _9131950 |
| 650 | 1 | 4 |
_aMetales pesados _xEfecto en maíz como forraje. _9131949 |
| 856 |
_aFinding aid _uhttp://10.13.5.2/tesis/sist113094.pdf _zTeclea aquí |
||
| 901 | _aBK | ||
| 942 | _cTESIS | ||
| 942 | _n0 | ||
| 999 |
_c109555 _d109555 |
||